Ermland (Warmia) A-Z - Statistics

General Stats
  • This quiz has been taken 13 times
    7 since last reset
  • The average score is 13 of 26
Answer Stats
# Clue Answer % Correct
M Region south of Warmia Mazury
100%
A City in the South German Name Allenstein
86%
C Most common christian denomination since the 13th century Catholic Church
86%
D Polish Name of Guttstadt (means "good town") Dobre Miasto
86%
G Country it was part of from 1871-1945 Germany
86%
I Pope who set up the Diocese of Warmia Innocent IV
86%
O Polish Name of #A Olsztyn
86%
P Duchy that Warmia was part of from 1657-59 Prussia
71%
T Order of chivalry that indirectly ruled Warmia from 1243-1467 Teutonic Order
71%
V Lagoon in the North {Vistula} Lagoon
71%
F Town where the Basilica of the Assumption of the Blessed Virgin Mary and St. Andrew stands Frombork
57%
L Seat of the Bishop since 1306 Polish Name Lidzbark Warmiński
57%
Y Polish name of the river Alle Contains a Y Łyna
57%
K Famous Polish-German Astronom that worked in #F Mikołaj Kopernik | Nikolaus Kopernikus
57%
R City in the East Reszel
43%
H German name of Święta Lipka Heiligelinde
29%
J Modern Polish Name of Seeburg Jeziorany
29%
X Bishop 1930-1947 Contains a X {Maximilian} Kaller
29%
S Peninsula north of Warmia Sambia
29%
E Popular name of Friedrich Wilhelm who ruled Warmia from 1657-59 The Great {Elector}
29%
U Country founded in 1569 that Warmia was part of Union of Lublin
29%
B German Dialect historically spoken between Orneta, #L, Biskupiec, #O German Name Breslausch
14%
N German name of the Vistula Spit (Mierzeja Wiślana) Frische {Nehrung}
14%
W Legendary progenitor of the Warmians (Old prussian tribe) Warmo
14%
Z Older Polish Name of Seeburg Zybork
14%
Q Latin Name of #U Commonwealth of both Nations Contains a Q Res Publica {Utriusque} Nationis
0%
No matching quizzes found
Score Distribution
Percent of People with Each Score
Percentile by Number Answered
Your Score History
You have not taken this quiz since the last reset